Diccionario frances-español /

Guardado en:
Autor Principal: Cuyas, Arturo
Formato: Libro
Publicado: Barcelona : Hymsa, 1989
Materias:
Etiquetas: Agregar Etiqueta
Sin Etiquetas, Sea el primero en etiquetar este registro!
LEADER 00557nam a22001695a 4500
001 CEM.cems001887
008 130507s1989##################000#0#####d
005 20241220093505.0
245 1 0 |a Diccionario frances-español / 
260 |a Barcelona :  |b Hymsa,  |c 1989 
300 |a 396 p. 
100 1 |a Cuyas, Arturo 
082 0 4 |a C443.6 
653 |a Diccionarios 
859 |a CEMS  |b BIB. CEMS - 11 de abril  |h C443.6  |i C989  |p 16787.92  |t Ej.1 
859 |a CEMS  |b BIB. CEMS - 11 de abril  |h C443.6  |i C989  |p 16789.92  |t Ej.3 
859 |a CEMS  |b BIB. CEMS - 11 de abril  |h C443.6  |i C989  |p 16790.92  |t Ej.4